| 000 | 00848nas a2200277 4500 | ||
|---|---|---|---|
| 001 | BR0600979 | ||
| 003 | BR-BrBNA | ||
| 005 | 20231205105846.0 | ||
| 007 | ta | ||
| 008 | 230509b bl.|||p| |||| 00| 00por d | ||
| 040 |
_aBR-BrBNA _bpor _cBiblioteca Nacional de Agricultura |
||
| 041 | _a(Pt) | ||
| 072 | _aF01; U40; E16 | ||
| 100 | 1 | _aRizzi, R. | |
| 100 | 1 | _aRudorff, B.F.T. | |
| 100 | 1 | _aAdami, M. | |
| 245 | 1 | _aEstimativa da área de soja no Estado do Rio Grande do Sul por um método de amostragem | |
| 650 | _aSOJA | ||
| 650 | _aSENSORIAMENTO REMOTO | ||
| 650 | _aSISTEMA DE INFORMAÇÃO | ||
| 650 | _aESTATÍSTICA AGRÍCOLA | ||
| 650 | _aRIO GRANDE DO SUL | ||
| 773 | 0 |
_tCiência Rural (Brazil) _xISSN 0103-8478 _g(Jan-Feb 2006), v. 36(1) p. 30-35 _wBR0600979 |
|
| 909 |
_a202311 _bLúcia _c55 _dLúcia Elande |
||
| 942 |
_2AGRIS _n0 _cANA |
||
| 999 |
_c185044 _d185044 |
||